Beatles Lyrics - Statistics

General Stats
  • This quiz has been taken 502 times
  • The average score is 9 of 15
Answer Stats
Hint Answer % Correct
Lovely Rita, _____ Maid Meter
88%
Tangerine Trees and _________ skies Marmalade
85%
Mean Mr. ________ Mustard
83%
_______ my dear Martha
79%
Here's a clue for you all, the walrus was _______ Paul
77%
Don't pass me by, don't make me ___ Cry
75%
She's so _____ Heavy
66%
You may be a lover but you ain't no _______ Dancer
65%
Mother _______ jump the gun Superior
57%
Sitting on a ___________ waiting for the van to come Cornflake
54%
Should __________ percent appear to small Five
42%
Although I'm so tired, I'll have another ___________ Cigarette
40%
He went out tiger hunting with his __________ and gun Elephant
39%
The biggest _____ that's ever hit the big-time Fool
25%
I'm in love but I'm ____ Lazy
23%
No matching quizzes found
Score Distribution
Percent of People with Each Score
Percentile by Number Answered
Your Score History
You have not taken this quiz